| 000 | 00779cam a22002292 4500 | ||
|---|---|---|---|
| 001 | 0000020825 | ||
| 003 | OSt | ||
| 005 | 20160624112145.0 | ||
| 008 | 111018s xx 000 0 eng d | ||
| 020 | _a0073019089 | ||
| 040 |
_aKABU _cKABU |
||
| 050 | _aRC86.7 .A2007 suppl. c.1 | ||
| 100 | 1 | _aAehlert, Barbara. | |
| 245 | 1 | 0 |
_aPocket Guide to Accompany Emergency medical responder : _bfirst responder in action / _cBarbara Aehlert. |
| 260 |
_aBoston : _bMcGraw hill, _c2007. |
||
| 300 | _ax, 74p. | ||
| 650 | 0 | _aEmergency medical technicians. | |
| 650 | 0 |
_aEmergency medical technicians _xStudy and teaching. |
|
| 908 | _a111018 | ||
| 942 |
_2lcc _cBK _hRC86.7 _i.A34 2007 suppl. c.1 |
||
| 999 |
_c16014 _d16014 |
||